000 00621nam a22001937a 4500
008 230703b |||||||| |||| 00| 0 eng d
020 _a81-89612-29-8
040 _aNational Science Library
_cNational Science Library
080 _a504.3.054
_bP6
100 _aTripathi, Madhusoodan
245 _aवायु प्रदुषण:
_bसमस्या और समाधान
246 _aVaayu Pradushan:
_bSamasya aur samadhan
250 _a1st ed.
260 _aNew Delhi:
_bOmega Publications,
_c2006
300 _a168p.
650 _aEnvironmental science
653 _aPollution
942 _2udc
_cHBK
999 _c48984
_d48984